| 000 | 01714nam a22002777a 4500 | ||
|---|---|---|---|
| 005 | 20080819095720.0 | ||
| 008 | 080819t xxu||||| |||| 00| 0 hin d | ||
| 010 | _aHIN-83948 | ||
| 020 |
_a7164063x _c450.00 |
||
| 035 | _aHN-56294 | ||
| 037 | _aDBAD / PUB | ||
| 040 |
_aDPL _bHN |
||
| 082 | _a681.763 | ||
| 100 | _aभारद्वाज, कैलाश चन्द्र | ||
| 245 |
_aकृषि यंत्र निर्माण चयनिका/ _cकैलाश चन्द्र भारद्वाज एवं मदन मोहन पाण्डेय ;जगदीप सक्सेना द्वारा संपादित |
||
| 246 |
_aKrishi Yantra nirmaan chayanika _bby Kailash Chandra Bhardwaj and Madan Mohan Pandey; edited by Jagdeep Saxena |
||
| 260 |
_aदिल्ली _bभारतीय कृषि अनुसंधान परिषद _c2006 |
||
| 270 |
_a37-ए, कुन्दन नगर, बैंक एंक्लेव, लक्ष्मी नगर _bदिल्ली _e110092 |
||
| 300 |
_a321पृ _c24सेमी(सजिल्द) _bसचित्र |
||
| 650 |
_aकृषि _xऔजार _xमशीन _xउपस्कर निर्माण |
||
| 650 |
_aAgriculture _xInstruments _xMachines _xEquipments manufacturing |
||
| 700 | _aपाण्डेय, मदन मोहन | ||
| 700 | _aसक्सेना, जगदीप | ||
| 942 |
_2ddc _cHN _h681.763 _mभारद्वा |
||
| 999 |
_c14893 _d14893 |
||